PSYCHOLOGY OF MONEY TIMELESS LESSONS ON (Record no. 32515)

MARC details
000 -LEADER
fixed length control field 00334nam a2200133Ia 4500
008 - FIXED-LENGTH DATA ELEMENTS--GENERAL INFORMATION
fixed length control field 240624s9999 xx 000 0 und d
041 ## - LANGUAGE CODE
Language code of text/sound track or separate title eng
082 ## - DEWEY DECIMAL CLASSIFICATION NUMBER
Classification number 150 HOU
100 ## - MAIN ENTRY--PERSONAL NAME
Personal name HOUSEL MORGAN
245 ## - TITLE STATEMENT
Title PSYCHOLOGY OF MONEY TIMELESS LESSONS ON
260 ## - PUBLICATION, DISTRIBUTION, ETC.
Date of publication, distribution, etc. 2021
Place of publication, distribution, etc. Ahmedabad
Name of publisher, distributor, etc. Jaico Book
300 ## - PHYSICAL DESCRIPTION
Extent 242 p.; 22 cm.
365 ## - TRADE PRICE
Currency code RS
Holdings
Withdrawn status Lost status Damaged status Not for loan Home library Current library Shelving location Date acquired Cost, normal purchase price Total Checkouts Total Renewals Full call number Barcode Date due Date last seen Date last checked out Price effective from Koha item type
        IMTN IMTN Rack 2-B 08/10/2021 277.00 12 7 150 HOU 32515 01/22/2026 01/12/2026 01/12/2026 06/24/2024 Books
Designed & Maintained by: LRC IMT Nagpur Contact: lrc@imtnag.ac.in© 2024. All Rights Reserved.